000 00614 a2200241 4500
005 20260210141953.0
008 260210b |||||||| |||| 00| 0 eng d
020 _a9781266867552
_c£ 58.99
040 _aMAIN
082 _a576
_bA23N
100 _aSalm, Sarah
245 _aNester's microbiology: A human perspective
260 _bMcGraw-Hill
_c2024
_aNew York
300 _av
650 _aMicrobiology
650 _aMicroorganisms
700 _aAnderson, Denisa G
700 _aBeins, Mira
700 _a Auman, Ann
700 _aWalker, Jennifer R
700 _aNester, Eugene W
942 _cBK
999 _c395812
_d395812